Kam bez podpory talentov?

Ak chce Slovensko udržať prosperitu, musí ísť cestou vyspelých krajín a reštrukturalizovať sa na vedomostnú ekonomiku. Slovensko a inovácie.

Salvato in:
Dettagli Bibliografici
Autore principale: Okruhlica, František
Natura: Capitolo di libro
Lingua:slovacco
Soggetti:
Tags: Aggiungi Tag
Nessun Tag, puoi essere il primo ad aggiungerne!!

MARC

LEADER 00000naa a2200000 4500
001 0135678
005 20231113072936.8
041 0 |a slo 
044 |a SK 
245 1 0 |a Kam bez podpory talentov?  |c František Okruhlica 
520 |a Ak chce Slovensko udržať prosperitu, musí ísť cestou vyspelých krajín a reštrukturalizovať sa na vedomostnú ekonomiku. Slovensko a inovácie. 
610 2 0 |a Slovensko 
610 2 0 |a spoločnosť vedomostná 
610 2 0 |a inovácia 
100 1 |a Okruhlica, František